000 00466nam a2200121Ia 4500
008 220214s9999 xx 000 0 und d
100 _aChacko KC
245 0 _aStudies on stump as planting material foe Eucalyptus tereticarnis plantations
260 _bKFRI Research Report: 63, February 1990 (Report of the Project: Silvi. 04/1981 (July 1981 to June 1984), Kerala Forest Research Institute, Peechi, Kerala
_c1990
300 _a29p
700 _a
_cetal
942 _cRE
999 _c46502
_d46502